| 000 | 00424pab a2200145 454500 | ||
|---|---|---|---|
| 008 | 180718b2002 xxu||||| |||| 00| 0 eng d | ||
| 100 | _aHartman, Andrew | ||
| 245 | _aThe red template: US policy in Soviet-occupied Afghanistan | ||
| 260 | _c2002 | ||
| 300 | _ap.467-89. | ||
| 650 | _aUnited States -Foreign relations - Afghanistan | ||
| 650 | _aInternational relations | ||
| 773 | _aThird World Quarterly | ||
| 909 | _a53222 | ||
| 999 |
_c53222 _d53222 |
||